000 00693nam a22002297a 4500
005 20170124110003.0
010 _a192247
020 _c00.00
035 _a192247
037 _bCen Lib/Ret
040 _aDPL
_bEN
082 _a342.73
_bBIN
100 _aBinkley, Wilfred E.
_916188
245 _aThe man in the white house :
_cby Wilfred E. Binkley
_bhis powers and duties /
260 _aBaltimore
_bJohns Hopkins Press
_c1958
270 _bBaltimore
300 _axiii,310p.
_c22cm(Hb)
500 _aIncludes bibliographical references and index
650 _aPresidents -- United States
_915457
650 _aPresidents
_916189
942 _2ddc
_cEN
_h342.73
_mBIN
999 _c125979
_d125979